000 00857nam a2200253Ia 4500
003 OSt
005 20220927114231.0
006 a|||||r|||| 00| 0
007 ta
008 220926b |||||||| |||| 00| 0 eng d
020 _a9780415408066
_c1418.6400000000001
024 _a188539
037 _b"1646, 22/03/2010, Rajeshwar Books Pvt. Ltd.,"
_cTextbook
040 _aRTL
_cRTL
_beng
041 _2eng
_aeng
082 _a"Y15:3(T), P9"
100 _aArnot Madeleine
_9387604
245 0 _aEducating the gendered citizen
_b Sociological engagements with national and global agendas.
260 _aLondon
_bRoutledge
_c2009
300 _a"xi, 260p. Bibliography chapterwise"
_ccm.
650 _aSociology
942 _h"Y15:3(T), P9"
_cCC
999 _c703450
_d703450